| 000 | 00472nam a22001577a 4500 | ||
|---|---|---|---|
| 005 | 20251108164358.0 | ||
| 008 | 250721s1998 xx 000 0 ara d | ||
| 082 | 1 | 4 | _a491.54/فيص |
| 100 | 1 | _aالفيصلي، نادر | |
| 245 | 1 | 0 | _aدليلك إلى تعلم الفارسية دون معلم / |
| 264 | 1 |
_aعمان : _bمؤسسة البلسم للنشر، _c1998. |
|
| 300 | _a146ص | ||
| 650 | 1 | 7 | _aاللغة الفارسية |
| 942 |
_2ddc _cBK |
||
| 999 |
_c10688 _d10688 |
||